| 000 | 01728nam a2200265 a 4500 | ||
|---|---|---|---|
| 001 | 000020814 | ||
| 005 | 20250401130908.0 | ||
| 008 | 100818s2008 dr ab 000 0 spa d | ||
| 020 | _a9789945859560 | ||
| 040 |
_aDO-SdBNP _bspa _cBNPHU |
||
| 082 |
_a303.44 _bP964i, 2008 |
||
| 110 | 2 |
_aPrograma de las Naciones Unidas para el Desarrollo _9187 |
|
| 245 | 1 | 0 |
_aInforme sobre desarrollo humano República Dominicana 2008 : _bdesarrollo humano, una cuestión de poder / _cprólogo Miguel Ceara-Hatton. |
| 246 | _aDesarrollo humano, una cuestión de poder | ||
| 260 |
_aSanto Domingo : _bTaller, _c2008. |
||
| 300 |
_axxxvi, 519 p. : _bil. ; mapa, ; _c29 cm. |
||
| 500 | 2 | _aPresentación -- Prólogo -- Secretaría de Estado de Economía, Planificación y Desarrollo : algunas consideraciones sobre el INDH 2008 -- Perspectiva general : desarrollo humano, una cuestión de poder -- Desarrollo humano y poder en el territorio -- El empoderamiento social : poder que se construya y se conquista -- La descentralización : poder que se redistribuye -- Capacidades esenciales para el empoderamiento : educación, salud, protección y asistencia social -- La economía : una dinámica que fragmenta el territorio -- Sostenibilidad ambiental y desarrollo humano -- Elementos para una estrategia de empoderamiento, descentralización e intervención en el territorio. | |
| 590 | _aInventariado, 2018/BT | ||
| 650 | 4 |
_aDesarrollo humano _9213 |
|
| 650 | 4 |
_aDesarrollo económico _xAspectos sociales _91346 |
|
| 651 | 4 |
_aRepública Dominicana _xCondiciones Sociales _946 |
|
| 651 | 4 |
_aRepública Dominicana _xCondiciones Económicas _9281 |
|
| 700 | 1 |
_aCeara-Hatton, Miguel _epról. _91685 |
|
| 910 | _aValidado. Control de calidad. MMOLINA | ||
| 999 |
_c20318 _d20318 |
||